[Event "DMP - II liga seniorow "]
[Site "Mrzezyno"]
[Date "2011.09.09"]
[Round "7"]
[White "Weglarz, Joanna"]
[Black "Zdziarska, Lidia"]
[Result "1/2-1/2"]
[WhiteElo "1992"]
[BlackElo "1939"]
[PlyCount "66"]
[EventDate "2011.??.??"]

1. Nf3 c5 2. c4 Nc6 3. Nc3 e5 4. e4 g6 5. g3 Bg7 6. Bg2 Nge7 7. d3 O-O 8. Be3
d6 9. Qd2 a6 10. O-O Rb8 11. Nd5 b5 12. b3 f5 13. Bh6 Qe8 14. Bxg7 Kxg7 15. Ne1
Nd4 16. Nc2 Nec6 17. Nxd4 Nxd4 18. f4 exf4 19. Rxf4 Bb7 20. Re1 Bxd5 21. cxd5
Qd7 22. exf5 Nxf5 23. Bh3 Rbe8 24. Rfe4 Qf7 25. Bxf5 gxf5 26. Rxe8 Rxe8 27.
Qg5+ Kh8 28. Rxe8+ Qxe8 29. Qxf5 Qe1+ 30. Kg2 Kg7 31. Qg4+ Kf6 32. Qf4+ Kg7 33.
Qxd6 Qe2+ 1/2-1/2

[Event "DMP - II liga seniorow "]
[Site "Mrzezyno"]
[Date "2011.09.09"]
[Round "7"]
[White "Plichta, Kamil"]
[Black "Pazderski, Ziemowit"]
[Result "1-0"]
[WhiteElo "2177"]
[BlackElo "2231"]
[PlyCount "85"]
[EventDate "2011.??.??"]

1. d4 d5 2. c4 c6 3. Nc3 Nf6 4. Nf3 Qb6 5. Qb3 Qxb3 6. axb3 Na6 7. Rxa6 bxa6 8.
Ne5 Bb7 9. e3 e6 10. c5 Nd7 11. Nxd7 Kxd7 12. Be2 e5 13. Kd2 g6 14. Kc2 f5 15.
Bd2 Re8 16. Ra1 Kc8 17. b4 exd4 18. exd4 Bg7 19. Kd3 Bf6 20. g3 g5 21. f4 g4
22. h4 gxh3 23. Bh5 Re7 24. Rh1 a5 25. bxa5 Ba6+ 26. Kc2 Bxd4 27. b4 Rg8 28.
Rxh3 Bf2 29. Nd1 Bxg3 30. Ne3 Rxe3 31. Bxe3 Be1 32. Bf7 Rg2+ 33. Kd1 Bxb4 34.
Kc1 Ba3+ 35. Kb1 Bd3+ 36. Ka1 Bb2+ 37. Ka2 Bd4+ 38. Ka3 Bc4 39. Bxd4 Rd2 40.
Be6+ Kb8 41. Be5+ Kb7 42. Rxh7+ Ka6 43. Kb4 1-0

[Event "DMP - II liga seniorow "]
[Site "Mrzezyno"]
[Date "2011.09.09"]
[Round "7"]
[White "Zurkowski, Andrzej"]
[Black "Krasiewicz, Robert"]
[Result "1/2-1/2"]
[WhiteElo "2055"]
[BlackElo "2065"]
[PlyCount "74"]
[EventDate "2011.??.??"]

1. d4 f5 2. c4 Nf6 3. g3 g6 4. Bg2 Bg7 5. Nc3 d6 6. Nf3 O-O 7. O-O Qe8 8. d5 c6
9. Re1 Na6 10. Nd4 e5 11. dxe6 Bxe6 12. e4 Bxc4 13. exf5 Qd7 14. Ne6 Bxe6 15.
fxe6 Qe7 16. Bf4 Rad8 17. Qd2 Rfe8 18. Bh3 d5 19. Bg5 Nc5 20. f3 Qd6 21. Bf4
Qe7 22. Bg5 Qd6 23. Bf4 Qe7 24. b4 d4 25. bxc5 dxc3 26. Qf2 Nd5 27. Bd6 Rxd6
28. cxd6 Qxd6 29. Qxa7 Qb4 30. Kh1 c2 31. a3 Qb3 32. Rac1 Bb2 33. e7 Bxc1 34.
Be6+ Kg7 35. Qd4+ Kh6 36. Qh4+ Kg7 37. Qd4+ Kh6 1/2-1/2

[Event "DMP - II liga seniorow "]
[Site "Mrzezyno"]
[Date "2011.09.09"]
[Round "7"]
[White "Wajda, Mariusz"]
[Black "Goluch, Piotr"]
[Result "0-1"]
[WhiteElo "1893"]
[BlackElo "2155"]
[PlyCount "60"]
[EventDate "2011.??.??"]

1. e4 c6 2. d4 d5 3. e5 Bf5 4. Bd3 Bxd3 5. Qxd3 e6 6. Nf3 Nd7 7. a3 c5 8. c3
Ne7 9. O-O Nf5 10. Bg5 Qb6 11. Nbd2 h6 12. Be3 c4 13. Qc2 g5 14. Kh1 g4 15. Ng1
Be7 16. Rfe1 h5 17. Reb1 g3 18. hxg3 Nxe3 19. fxe3 f5 20. exf6 Nxf6 21. e4 Qc7
22. e5 Ng4 23. Ndf3 O-O-O 24. Nh3 Rdg8 25. b3 h4 26. gxh4 Bxh4 27. Nxh4 Rxh4
28. bxc4 Ne3 29. Qf2 Nxg2 30. Kh2 Rxh3+ 0-1

[Event "DMP - II liga seniorow "]
[Site "Mrzezyno"]
[Date "2011.09.09"]
[Round "7"]
[White "Bielinski, Dariusz"]
[Black "Drozdzynski, Daniel"]
[Result "1-0"]
[WhiteElo "2211"]
[BlackElo "2000"]
[PlyCount "35"]
[EventDate "2011.??.??"]

1. e4 c6 2. d4 d5 3. e5 e6 4. Nf3 c5 5. c3 Nc6 6. a3 Nge7 7. Bd3 cxd4 8. cxd4
Bd7 9. b4 Qb6 10. Be3 Nf5 11. Bxf5 exf5 12. Nc3 Be6 13. O-O Be7 14. Qb3 Rd8 15.
Rfc1 O-O 16. Rab1 f4 17. Na4 Na5 18. Qd3 1-0

[Event "DMP - II liga seniorow "]
[Site "Mrzezyno"]
[Date "2011.09.09"]
[Round "7"]
[White "Hanusek, Sebastian"]
[Black "Jecek, Miroslaw"]
[Result "1-0"]
[WhiteElo "2028"]
[BlackElo "1947"]
[PlyCount "112"]
[EventDate "2011.??.??"]

1. e4 e5 2. Nf3 Nc6 3. Bb5 Bc5 4. O-O Nge7 5. c3 Bb6 6. d4 exd4 7. cxd4 d5 8.
exd5 Nxd5 9. Re1+ Be6 10. Bg5 Qd6 11. Nc3 O-O 12. Qa4 f6 13. Bh4 Bf7 14. Bg3
Nxc3 15. Bxd6 Nxa4 16. Bxf8 Kxf8 17. Bxa4 Nxd4 18. Nxd4 Bxd4 19. Rac1 c5 20. b3
Rd8 21. Bb5 Bd5 22. Bd3 g6 23. Be4 Kf7 24. Kf1 f5 25. Bxd5+ Rxd5 26. f4 h5 27.
Ke2 b5 28. Red1 Ke6 29. Rd3 a5 30. a4 b4 31. Kf3 Rd6 32. Re1+ Kd5 33. Re5+ Kc6
34. Re7 Kb6 35. Rd1 Rc6 36. Rd2 Bc3 37. Rdd7 c4 38. bxc4 Rxc4 39. Rb7+ Ka6 40.
Rbc7 Rxc7 41. Rxc7 Kb6 42. Rc4 Bf6 43. Ke2 b3 44. Kd3 b2 45. Kc2 Bg7 46. Rc8
Bd4 47. Kb1 Bf6 48. Rg8 Kc5 49. Rxg6 Bd4 50. Rg5 Kb4 51. Rxh5 Kxa4 52. Rxf5 Kb4
53. Rf8 a4 54. f5 a3 55. f6 Kb3 56. Rb8+ Kc3 1-0

[Event "DMP - II liga seniorow "]
[Site "Mrzezyno"]
[Date "2011.09.09"]
[Round "7"]
[White "Kielbratowski, Aleksander"]
[Black "Wesolowski, Edgar"]
[Result "0-1"]
[WhiteElo "2089"]
[BlackElo "1960"]
[PlyCount "70"]
[EventDate "2011.??.??"]

1. e4 c5 2. Nf3 d6 3. d4 cxd4 4. Nxd4 Nf6 5. f3 g6 6. c4 Bg7 7. Nc3 Nc6 8. Be3
O-O 9. Rc1 Nd7 10. Qd2 Nde5 11. Be2 f5 12. O-O f4 13. Bf2 g5 14. Rfd1 Bd7 15.
Nxc6 bxc6 16. c5 Rf6 17. Bd4 Rh6 18. g4 fxg3 19. hxg3 Qf8 20. Bxe5 Bxe5 21. Kg2
Bh3+ 22. Kf2 Qf6 23. Bc4+ Kh8 24. Rh1 Rf8 25. Be2 Bg4 26. Rxh6 Qxh6 27. Ke3
Bxg3 28. Kd3 Bf4 29. Qd1 Bxc1 30. fxg4 Bxb2 31. Qb3 Qh3+ 32. Kc2 Qxc3+ 33.
Qxc3+ Bxc3 34. Kxc3 Rf2 35. Bc4 Rf4 0-1

[Event "DMP - II liga seniorow "]
[Site "Mrzezyno"]
[Date "2011.09.09"]
[Round "7"]
[White "Wesolowska, Katarzyna"]
[Black "Dziopa, Malgorzata"]
[Result "1-0"]
[WhiteElo "1765"]
[BlackElo "1816"]
[PlyCount "87"]
[EventDate "2011.??.??"]

1. e4 e5 2. Nf3 Nf6 3. Nc3 Bb4 4. Nxe5 d6 5. Nd3 Bxc3 6. dxc3 Nxe4 7. Be2 O-O
8. O-O Nc6 9. Bf3 Re8 10. Re1 Bf5 11. Be3 Qd7 12. Nf4 Rad8 13. c4 Ne5 14. Be2
Ng6 15. Nxg6 Bxg6 16. Bg4 Bf5 17. Bxf5 Qxf5 18. Qd3 Qg6 19. f3 Nf6 20. Qxg6
hxg6 21. Bg5 Kf8 22. Rad1 Rxe1+ 23. Rxe1 Re8 24. Rxe8+ Kxe8 25. Bxf6 gxf6 26.
Kf2 Ke7 27. Ke3 Ke6 28. Ke4 a5 29. b3 g5 30. f4 f5+ 31. Ke3 g4 32. Kd4 c6 33.
c5 d5 34. c4 dxc4 35. Kxc4 Kf6 36. a3 Ke6 37. b4 Kf6 38. Kd4 axb4 39. axb4 Ke6
40. Kc4 Ke7 41. b5 Ke6 42. bxc6 bxc6 43. h4 gxh3 44. gxh3 1-0

[Event "DMP - II liga seniorow "]
[Site "Mrzezyno"]
[Date "2011.??.??"]
[Round "7.20"]
[White "Tokarski, Lukasz"]
[Black "Matras-clement, Agnieszka"]
[Result "0-1"]
[WhiteElo "2304"]
[BlackElo "2272"]
[PlyCount "98"]
[EventDate "2011.??.??"]

1. e4 e5 2. Nf3 Nc6 3. Bb5 a6 4. Ba4 Nf6 5. O-O b5 6. Bb3 Bc5 7. c3 d6 8. a4
Rb8 9. d4 Bb6 10. a5 Ba7 11. h3 O-O 12. Be3 Ra8 13. Re1 Bb7 14. Nbd2 Re8 15.
Qb1 h6 16. Qa2 Qd7 17. d5 Nb8 18. c4 c6 19. Rac1 Bxe3 20. Rxe3 c5 21. Nh4 g6
22. Rf1 Nh5 23. Bd1 Nf4 24. Kh2 Qd8 25. g3 Bc8 26. Bg4 Bxg4 27. hxg4 Qg5 28.
Ndf3 Qxg4 29. gxf4 exf4 30. Ree1 Nd7 31. Qb3 bxc4 32. Qc3 Ne5 33. Rg1 Qh5 34.
Kg2 Rab8 35. Nxe5 Rxe5 36. Nf3 Rb3 37. Qxb3 cxb3 38. Nxe5 Qxe5 39. Re2 g5 40.
f3 Kg7 41. Kh1 Qd4 42. Rge1 f6 43. Rg2 Qa4 44. Rc1 Qxa5 45. Rc3 Qb5 46. Kg1 a5
47. Rd2 a4 48. Rd1 Qe2 49. Rb1 g4 0-1

[Event "DMP - II liga seniorow "]
[Site "Mrzezyno"]
[Date "2011.??.??"]
[Round "7.26"]
[White "Bugajski, Robert"]
[Black "Brzezinski, Mateusz"]
[Result "0-1"]
[WhiteElo "2201"]
[BlackElo "2017"]
[PlyCount "108"]
[EventDate "2011.??.??"]

1. Nf3 d5 2. d4 Nf6 3. c4 e6 4. Bg5 c6 5. e3 Nbd7 6. Nc3 Be7 7. Rc1 O-O 8. Bd3
dxc4 9. Bxc4 b5 10. Bd3 Bb7 11. O-O a6 12. Qe2 c5 13. Rfd1 cxd4 14. exd4 Re8
15. Bh4 Nf8 16. Ne5 Ng6 17. Bg3 Rc8 18. a3 Nd5 19. Nxg6 hxg6 20. Ne4 Qb6 21.
Rc2 Rxc2 22. Bxc2 Rc8 23. f3 f5 24. Nf2 f4 25. Bxg6 fxg3 26. hxg3 Bf6 27. Kh2
Ne7 28. Bb1 Kf7 29. f4 Rh8+ 30. Nh3 Qc6 31. g4 Qd6 32. Qf2 g5 33. Kg1 Rxh3 34.
gxh3 gxf4 35. Kf1 Nd5 36. Ke2 f3+ 37. Kf1 Qf4 38. Rd3 Qc1+ 39. Qe1 Qxe1+ 40.
Kxe1 Nf4 41. Rc3 Bh4+ 42. Kf1 Bd5 43. Ba2 Bxa2 44. Rxf3 Bc4+ 45. Kg1 Bg5 46. h4
Be2 47. Rf2 Kg7 48. Kh2 Be7 49. Rxf4 Bd6 50. Kg3 Bd1 51. g5 Bc7 52. b3 Bd6 53.
a4 bxa4 54. bxa4 a5 0-1

[Event "DMP - II liga seniorow "]
[Site "Mrzezyno"]
[Date "2011.??.??"]
[Round "7.27"]
[White "Stoppel, Mariusz"]
[Black "Mannke, Manfred"]
[Result "1-0"]
[WhiteElo "2069"]
[BlackElo "2191"]
[PlyCount "116"]
[EventDate "2011.??.??"]

1. e4 e6 2. d4 d5 3. Nc3 Be7 4. Nf3 Nf6 5. Bd3 c5 6. e5 Nfd7 7. dxc5 Nxc5 8.
O-O Nxd3 9. cxd3 O-O 10. d4 Nc6 11. a3 a5 12. g3 b6 13. Kg2 Ba6 14. Re1 b5 15.
h4 b4 16. Ne2 Bxe2 17. Qxe2 bxa3 18. bxa3 a4 19. Bg5 Na5 20. Qd3 h6 21. Bf4 Nc4
22. Rh1 f5 23. exf6 Rxf6 24. Be5 Nxe5 25. dxe5 Rf8 26. Qg6 Ra6 27. Rab1 Qe8 28.
Qd3 Ra7 29. g4 Rc7 30. Rbc1 Bc5 31. Rh3 Rf4 32. Rg3 Qf8 33. h5 Rcf7 34. Rc3 Re4
35. Qb5 Bxa3 36. Qa6 Rc4 37. Rxc4 dxc4 38. Qxc4 Qe7 39. Qxa4 Bc1 40. Qc4 Bf4
41. Rh3 Kh8 42. Rh1 Qb7 43. Rd1 Bg5 44. Rd3 Qe7 45. Rb3 Rf8 46. Qe4 Qf7 47. Rb7
Be7 48. Ra7 Kg8 49. Ra8 Bc5 50. Rxf8+ Qxf8 51. Qc4 Qe7 52. Kg3 Kh8 53. Qc2 Qb7
54. g5 Qc6 55. g6 Kg8 56. Qd2 Qe4 57. Qd7 Qd5 58. Qe8+ Bf8 1-0

[Event "DMP - II liga seniorow "]
[Site "Mrzezyno"]
[Date "2011.??.??"]
[Round "7.28"]
[White "Olejarczyk, Bogdan"]
[Black "Wisniewski, Adam"]
[Result "1-0"]
[WhiteElo "2115"]
[BlackElo "2011"]
[PlyCount "81"]
[EventDate "2011.??.??"]

1. d4 Nf6 2. Nf3 g6 3. Bf4 Bg7 4. e3 O-O 5. h3 c5 6. c3 d6 7. Be2 Qb6 8. Qb3
Qxb3 9. axb3 cxd4 10. exd4 Nc6 11. Nbd2 Re8 12. Nc4 Bd7 13. O-O Ne4 14. Bd3 d5
15. Na5 Nd8 16. b4 Bf5 17. Bb5 Rf8 18. g4 Be6 19. Nd2 h5 20. f3 Nd6 21. Bd3
hxg4 22. hxg4 Bd7 23. Rfe1 b6 24. Rxe7 bxa5 25. Rxd7 Ne8 26. Rxa5 Nc6 27. Ra6
Nf6 28. Rc7 Nd8 29. Rcxa7 Rxa7 30. Rxa7 Ne6 31. Be5 Re8 32. Bb5 Rd8 33. Bc6 Nh7
34. Bg3 Bh6 35. Nb3 Nf4 36. Ra8 Rxa8 37. Bxa8 Ng5 38. Kf2 Nge6 39. Nc5 Nh3+ 40.
Kf1 Nhg5 41. Bxd5 1-0

[Event "DMP - II liga seniorow "]
[Site "Mrzezyno"]
[Date "2011.??.??"]
[Round "7.29"]
[White "Miziula, Patryk"]
[Black "Sielicki, Tomasz"]
[Result "0-1"]
[WhiteElo "1873"]
[BlackElo "2022"]
[PlyCount "50"]
[EventDate "2011.??.??"]

1. d4 d6 2. c4 e5 3. d5 f5 4. Nc3 Nf6 5. Qc2 Be7 6. e4 fxe4 7. Nxe4 Nxe4 8.
Qxe4 Nd7 9. Nf3 Nc5 10. Qc2 O-O 11. Be3 Bf5 12. Qd2 Ne4 13. Qc1 c6 14. dxc6
bxc6 15. Be2 Qa5+ 16. Nd2 d5 17. O-O d4 18. Nb3 Qc7 19. Bxd4 exd4 20. Nxd4 Bc5
21. Nxf5 Rxf5 22. Bf3 Ng5 23. Bg4 Rf4 24. Bh5 Raf8 25. Kh1 Rh4 0-1

[Event "DMP - II liga seniorow "]
[Site "Mrzezyno"]
[Date "2011.??.??"]
[Round "7.33"]
[White "Cajbel, Maciej"]
[Black "Walkusz, Witoslaw"]
[Result "0-1"]
[WhiteElo "2224"]
[BlackElo "2150"]
[PlyCount "74"]
[EventDate "2011.??.??"]

1. Nc3 e5 2. Nf3 Nc6 3. d4 exd4 4. Nxd4 Bc5 5. Be3 Nxd4 6. Bxd4 Bxd4 7. Qxd4
Qf6 8. Qe3+ Kd8 9. O-O-O Ne7 10. g4 Re8 11. Qg3 a5 12. e3 a4 13. a3 h5 14. g5
Qb6 15. Bh3 Qc6 16. Bg2 Qb6 17. Qf4 Ra5 18. Rd4 Rf5 19. Qg3 d6 20. Rhd1 Bd7 21.
Rb4 Qc5 22. Ne4 Qe5 23. f4 Qa5 24. Rxb7 Rd5 25. Rb8+ Bc8 26. Rxd5 Nxd5 27. c3
Nb6 28. Nd2 Qa7 29. Rxc8+ Nxc8 30. Nf1 Qc5 31. Qf3 g6 32. Qc6 Nb6 33. Qxc5 dxc5
34. Bc6 Re6 35. Bb5 c4 36. Kd2 c6 37. Ba6 Re7 0-1

[Event "DMP - II liga seniorow "]
[Site "Mrzezyno"]
[Date "2011.??.??"]
[Round "7.39"]
[White "Zgadzaj, Rafal"]
[Black "Klekowski, Maciej"]
[Result "0-1"]
[WhiteElo "2251"]
[BlackElo "2271"]
[PlyCount "63"]
[EventDate "2011.??.??"]

1. c4 c5 2. g3 Nc6 3. Bg2 g6 4. Nc3 Bg7 5. Rb1 d6 6. a3 Bf5 7. e4 Bd7 8. d3 Nd4
9. Nge2 Nf6 10. b4 Nxe2 11. Qxe2 cxb4 12. axb4 O-O 13. O-O Ne8 14. Bb2 Nc7 15.
Nd5 Bxb2 16. Qxb2 e5 17. f4 Nxd5 18. exd5 Bf5 19. Be4 Bh3 20. Rf2 exf4 21. Rxf4
a5 22. c5 axb4 23. d4 Re8 24. Bf3 g5 25. Re4 Bf5 26. Qc2 Bxe4 27. Bxe4 Qf6 28.
Bxh7+ Kg7 29. Rd1 b3 30. Qf5 Qxf5 31. Bxf5 b2 32. Kf2 0-1

[Event "DMP - II liga seniorow "]
[Site "Mrzezyno"]
[Date "2011.??.??"]
[Round "7.40"]
[White "Piesik, Piotr"]
[Black "Malecki, Rafal"]
[Result "1-0"]
[WhiteElo "2206"]
[BlackElo "2178"]
[PlyCount "65"]
[EventDate "2011.??.??"]

1. Nf3 Nf6 2. g3 g6 3. Bg2 Bg7 4. O-O O-O 5. d4 d6 6. Nbd2 Nc6 7. e4 Bg4 8. c3
e5 9. dxe5 dxe5 10. Qc2 a5 11. Nc4 Re8 12. Bg5 h6 13. Rad1 Qe7 14. Bxf6 Bxf6
15. Ne3 Be6 16. Nd5 Bxd5 17. exd5 Na7 18. c4 Bg7 19. Qb3 Qc5 20. Nd2 f5 21.
Qxb7 e4 22. Nb3 Qxc4 23. Rc1 Qb5 24. Rxc7 Bxb2 25. Rb1 Be5 26. Bf1 Qxb7 27.
Rxb7 a4 28. Nd4 Nc8 29. Bb5 Rd8 30. Ne6 Rd6 31. Nc7 Ra5 32. Bc6 a3 33. Ne6 1-0

[Event "DMP - II liga seniorow "]
[Site "Mrzezyno"]
[Date "2011.??.??"]
[Round "7.42"]
[White "Pacak, Patrycja"]
[Black "Tymrakiewicz, Marianna"]
[Result "1/2-1/2"]
[WhiteElo "1754"]
[BlackElo "1870"]
[PlyCount "62"]
[EventDate "2011.??.??"]

1. e4 e5 2. Nc3 Bc5 3. f4 d6 4. Nf3 Nf6 5. fxe5 dxe5 6. Nxe5 Qd4 7. Nd3 Bb6 8.
b3 O-O 9. Bb2 Re8 10. Qf3 Bg4 11. Qf4 Nxe4 12. Ne2 Qd7 13. O-O-O Nc6 14. Kb1
Nc5 15. Nxc5 Bxc5 16. Qg5 Bd4 17. Nxd4 Nxd4 18. Rc1 Be2 19. Bxe2 Rxe2 20. h4
Rae8 21. h5 h6 22. Qg3 Rxd2 23. Rh4 c5 24. Rg4 f6 25. Rg6 Kf8 26. Qc3 Ne6 27.
Qf3 Ng5 28. Qf4 Re6 29. Qc4 b6 30. a4 Re4 31. Qf1 Qe7 1/2-1/2

[Event "DMP - II liga seniorow "]
[Site "Mrzezyno"]
[Date "2011.??.??"]
[Round "7.47"]
[White "Zgarda, Jakub"]
[Black "Gola, Karol"]
[Result "0-1"]
[WhiteElo "1869"]
[BlackElo "2163"]
[PlyCount "104"]
[EventDate "2011.??.??"]

1. e4 c5 2. Nf3 e6 3. d4 cxd4 4. Nxd4 a6 5. Bd3 Nf6 6. O-O Qc7 7. Nc3 d6 8. Kh1
Be7 9. f4 O-O 10. Be3 Nbd7 11. Nb3 b5 12. a3 Bb7 13. Qe2 Rfc8 14. Rfd1 Nc5 15.
Nd2 Nfd7 16. Nf3 Nb6 17. Rab1 Ncd7 18. h3 Nc4 19. Bxc4 Qxc4 20. Qxc4 Rxc4 21.
Rd4 Rac8 22. Rxc4 Rxc4 23. Nd2 Rc7 24. Rc1 Bf6 25. Nd1 Nc5 26. Bxc5 Rxc5 27. c3
g5 28. g3 gxf4 29. gxf4 Rf5 30. c4 Rxf4 31. cxb5 axb5 32. Nc3 Rf2 33. Rd1 Bxc3
34. bxc3 Re2 35. c4 bxc4 36. Nxc4 Rxe4 37. Rg1+ Rg4+ 38. Kh2 Rxg1 39. Kxg1 d5
40. Ne5 Kf8 41. Kf2 Ke7 42. Ke3 f6 43. Ng4 e5 44. a4 Ke6 45. a5 f5 46. Nf2 d4+
47. Kd2 e4 48. Ke1 Kd5 49. Nh1 f4 50. Nf2 d3 51. Ng4 e3 52. Nf6+ Kd4 0-1

[Event "DMP - II liga seniorow "]
[Site "Mrzezyno"]
[Date "2011.??.??"]
[Round "6.25"]
[White "Gumula, Daniel"]
[Black "Flis, Jacek"]
[Result "1-0"]
[WhiteElo "2290"]
[BlackElo "2302"]
[PlyCount "91"]
[EventDate "2011.??.??"]

1. d4 Nf6 2. c4 d6 3. Nc3 Nbd7 4. Nf3 g6 5. e4 e5 6. h3 Bg7 7. d5 Nc5 8. Qc2 a5
9. Bg5 O-O 10. Be2 h6 11. Be3 Ne8 12. g4 f5 13. gxf5 gxf5 14. Rg1 Nxe4 15. Nxe4
fxe4 16. Nd2 Qh4 17. Qxe4 Qxe4 18. Nxe4 Kh8 19. O-O-O Nf6 20. Nxf6 Rxf6 21. Rg3
Bf5 22. Rdg1 Rf7 23. Bg4 Bxg4 24. hxg4 Kh7 25. g5 hxg5 26. Rxg5 Re8 27. Kc2
Ree7 28. Rh5+ Kg8 29. Kb3 Kf8 30. Ka4 Ke8 31. Kxa5 e4 32. b4 Kd7 33. Kb5 Be5
34. Rg3 Bc3 35. a4 Re5 36. Rxe5 Bxe5 37. Rg4 Bc3 38. Rxe4 c6+ 39. Kb6 Bxb4 40.
Kxb7 cxd5 41. cxd5 Bc5 42. a5 Kd8+ 43. Kb8 Rf5 44. a6 Bxe3 45. fxe3 Rxd5 46.
Rb4 1-0

[Event "DMP - II liga seniorow "]
[Site "Mrzezyno"]
[Date "2011.??.??"]
[Round "6.31"]
[White "Wojciechowski, Piotr"]
[Black "Szczepkowska-horowska, Karina"]
[Result "0-1"]
[WhiteElo "2295"]
[BlackElo "2353"]
[PlyCount "70"]
[EventDate "2011.??.??"]

1. e4 c5 2. Nf3 Nc6 3. d4 cxd4 4. Nxd4 Nf6 5. Nc3 e5 6. Ndb5 d6 7. Bg5 a6 8.
Na3 b5 9. Nd5 Be7 10. Bxf6 Bxf6 11. c3 Bg5 12. Nc2 Ne7 13. Ncb4 O-O 14. h4 Bh6
15. a4 bxa4 16. Rxa4 a5 17. Bc4 Kh8 18. Nxe7 Qxe7 19. Qa1 f5 20. exf5 Bxf5 21.
Bd5 Rac8 22. Rxa5 e4 23. Qd1 e3 24. f3 Qe5 25. Qe2 Rc5 26. Ra1 Rxd5 27. Nxd5
Qxd5 28. O-O Bf4 29. Rfd1 Qe5 30. Ra6 Qe7 31. g4 Be6 32. Qe1 Bc4 33. Ra5 e2 34.
Rda1 Qb7 35. Kg2 Bd2 0-1

[Event "DMP - II liga seniorow "]
[Site "Mrzezyno"]
[Date "2011.??.??"]
[Round "6.44"]
[White "Czyz, Artur"]
[Black "Borkowski, Franciszek"]
[Result "1/2-1/2"]
[WhiteElo "2075"]
[BlackElo "2325"]
[PlyCount "37"]
[EventDate "2011.??.??"]

1. e4 e5 2. Nf3 Nc6 3. d4 exd4 4. Nxd4 Nf6 5. Nxc6 bxc6 6. e5 Qe7 7. Qe2 Nd5 8.
c4 Ba6 9. b3 O-O-O 10. Qb2 Nb6 11. Be2 Re8 12. O-O Qxe5 13. Qxe5 Rxe5 14. Bf3
Re8 15. Bb2 f6 16. Rc1 Bb7 17. a4 c5 18. a5 Na8 19. Bxb7+ 1/2-1/2

[Event "DMP - II liga seniorow "]
[Site "Mrzezyno"]
[Date "2011.??.??"]
[Round "6.47"]
[White "Swierczewski, Marek"]
[Black "Czachor, Radoslaw"]
[Result "0-1"]
[WhiteElo "2159"]
[BlackElo "2053"]
[PlyCount "51"]
[EventDate "2011.??.??"]

1. e4 d5 2. exd5 Nf6 3. d4 Qxd5 4. Nf3 Bf5 5. Be2 e6 6. O-O c6 7. c4 Qa5 8. Nc3
Be7 9. a3 O-O 10. Nh4 Nbd7 11. b4 Bxb4 12. Nxf5 Bxc3 13. Ne7+ Kh8 14. Rb1 Qd8
15. Qd3 Ba5 16. a4 Qxe7 17. Ba3 c5 18. Rxb7 Rfd8 19. dxc5 Nxc5 20. Rxe7 Nxd3
21. Rxf7 Bb6 22. Be7 Rd7 23. Bxd3 Kg8 24. Rxf6 gxf6 25. Be4 Rc8 26. Bxf6 0-1